Central Library OPAC University of Rajshahi

The frontiers of drama / (Record no. 17253)

MARC details
000 -LEADER
fixed length control field 00700nam a2200241I 4500
001 - CONTROL NUMBER
control field 17253
003 - CONTROL NUMBER IDENTIFIER
rucl marc code BD-RjUL
005 - DATE AND TIME OF LATEST TRANSACTION
control field 20211209000118.0
008 - FIXED-LENGTH DATA ELEMENTS--GENERAL INFORMATION
fixed length control field 140216r19481945 eng u
035 ## - SYSTEM CONTROL NUMBER
System control number (BD-RjUL)17311
040 ## - CATALOGING SOURCE
Transcribing agency CIN
Modifying agency BOS
-- BD-RjUL
Original cataloging agency BD-RjUL
Language of cataloging eng
041 ## - LANGUAGE CODE
Language code of text/sound track or separate title eng
082 ## - DEWEY DECIMAL CLASSIFICATION NUMBER
Classification number 808.02
Author mark and year ELF
090 ## - LOCALLY ASSIGNED LC-TYPE CALL NUMBER (OCLC); LOCAL CALL NUMBER (OCLC)
Classification number (OCLC) (R) ; Classification number, CALL (RLIN) (NR) PN1623
Local cutter number (OCLC) ; Book number/undivided call number, CALL (RLIN) .F48
100 1# - MAIN ENTRY--PERSONAL NAME
Personal name Ellis-Fermor, Una Mary,
Dates associated with a name 1894-1958.
9 (RLIN) 52116
245 14 - TITLE STATEMENT
Title The frontiers of drama /
Statement of responsibility, etc. Una Ellis-Fermor.
250 ## - EDITION STATEMENT
Edition statement 3d ed.
260 ## - PUBLICATION, DISTRIBUTION, ETC. (IMPRINT)
Place of publication, distribution, etc. London :
Name of publisher, distributor, etc. Methuen,
Date of publication, distribution, etc. 1945 [reprinted 1948]
300 ## - PHYSICAL DESCRIPTION
Pagination vii, 154 p. ;
Size 19 cm.
504 ## - BIBLIOGRAPHY, ETC. NOTE
Bibliography, etc Includes bibliographical references.
650 #0 - SUBJECT ADDED ENTRY--TOPICAL TERM
Topical term or geographic name as entry element Drama
General subdivision History and criticism.
9 (RLIN) 53196
942 ## - ADDED ENTRY ELEMENTS (KOHA)
Source of classification or shelving scheme Dewey Decimal Classification
Koha item type Books
Holdings
Lost status Source of classification or shelving scheme Damaged status Not for loan Collection code Permanent Location Current Location Shelving location Date acquired Source of acquisition Cost, normal purchase price Total Checkouts Full call number Date last seen Copy number Koha item type
  Dewey Decimal Classification   Not For Loan Non-fiction Central Library, University of Rajshahi Central Library, University of Rajshahi Reading Room 26/09/1955 B. H. Black Well 85.00   808.02 ELF 1948 16/02/2014 C-1 Books